¿Determinismo o finalismo? /

Tallennettuna:
Bibliografiset tiedot
Päätekijä: Martínez del Campo, Rafael (autor)
Aineistotyyppi: Kirja
Kieli:espanja
Julkaistu: México : editorial no identificada, 1934, c1934
Tagit: Lisää tagi
Ei tageja, Lisää ensimmäinen tagi!

MARC

LEADER 00000nam^a2200000^a^4500
001 000441693
005 20250526000000.0
009 20260310123408.051
037 |a Acervo ITESO - Biblioteca 
041 |a ESP 
091 |a FHM. 10307 
100 |a Martínez del Campo, Rafael  |e (autor) 
245 1 0 |a ¿Determinismo o finalismo? / 
264 4 |a México :  |b editorial no identificada,  |c 1934, c1934 
300 |a 279 p. ;  |c 19.0 cm. 
336 |a texto  |b txt  |2 rdacontenido 
337 |a sin mediación  |b n  |2 rdamedio 
338 |a volumen  |b nc  |2 rdasoporte 
649 |a XX 
910 |a Fondo Hugo B. Margáin 
920 |a Impresos - Libros 
930 |a Libros Antiguos y Raros 
905 |a 126 
901 |a 0500314468  |b IT2  |c LRA  |i D119261  |u 20250526 
902 |a https://opac.biblio.iteso.mx/vufind/Record/000441693